| 000 | 00482nam a2200181 4500 | ||
|---|---|---|---|
| 001 | 137933 | ||
| 003 | ES-MaACL | ||
| 005 | 20230906195454.0 | ||
| 007 | t| | ||
| 008 | 070214s1972 sp r ||||1| spa d | ||
| 100 | 1 |
_aSánchez Espeso, German. _9190092 |
|
| 245 | 1 | 0 |
_aLaberinto levítico / _cGermán Sánchez Espeso. |
| 250 | _a1ª ed. | ||
| 260 |
_aBarcelona : _bBarral, _c1972. |
||
| 300 |
_a150 p. ; _c20 cm. |
||
| 852 |
_aES-MaACL _jC-46322 _bR.83921 |
||
| 999 |
_c137933 _d137933 |
||